Anleitung zur griechischen Sprache zum Gebrauche der studirenden Jugend im Königreich Hungarn, und den damit verbundenen Staaten ; Cum special. Privil. Sac. Caes. Reg. Apost. Maies. Erster Theil

Podrobná bibliografia
Korporatívny autor: Tlačiareň Kráľovskej budínskej univerzity (Trnava, Slovensko) (Tlačiar)
Médium: Kniha
Jazyk:nemčina
starogréčtina
Fyzický popis:352 s. 17 cm
Vydavateľské údaje: Ofen und Tyrnau gedruckt mit königlichen Universitätsschriften M.DCC.LXXXIX. [=1789]
Predmet:

MARC

LEADER 00000cam a2200000 a 4500
001 vtls001151527
003 SK-MaSNL
005 20260301002212.0
008 240226s1789 xo i ger
015 |a SNBHFA 
035 |a SNK000094409 
035 |a DA711122-E4DB-41ED-8FC7-3C953EF6811E 
035 |a urn:nbn:sk:snk-am00ii56 
040 |a SNKHFA  |b slo  |c SNKHFA  |e AACR2 
041 0 |a ger  |a grc 
044 |a xo  |c SK 
072 7 |a 811.14  |x Gréčtina  |2 konspekt 
080 |a 811.14  |2 2001 
080 |a (075)  |2 2011 
130 0 |a Anleitung  |9 281602 
245 1 0 |a Anleitung zur griechischen Sprache  |b zum Gebrauche der studirenden Jugend im Königreich Hungarn, und den damit verbundenen Staaten ; Cum special. Privil. Sac. Caes. Reg. Apost. Maies.  |n Erster Theil 
260 |a Ofen und Tyrnau  |b gedruckt mit königlichen Universitätsschriften  |c M.DCC.LXXXIX. [=1789] 
300 |a 352 s.  |c 17 cm 
500 |a Titulná strana so štátnym znakom Uhorska. Vineta. Ozdobné linky. Zložky. Kustody 
504 |a Živé záhlavie 
546 |a Nemčina  |b Fraktúra 
546 |a Gréčtina  |b Grécke písmo 
650 0 7 |a gréčtina  |2 SNKPH  |9 67753 
655 7 |a učebnice  |2 SNKPH  |9 22521 
710 2 |a Tlačiareň Kráľovskej budínskej univerzity (Trnava, Slovensko)  |4 prt  |9 281603 
752 |a Slovensko  |d Trnava 
752 |a Maďarsko  |d Budapešť 
852 |a Slovenská národná knižnica  |b Historické fondy 
852 |a snk  |p SD 14903/1 
958 |a ONDV 
958 |a DD 
999 |c 536817  |d 538747 
952 |a SNK  |b SNK  |y PREZ  |7 0  |p 17A0956253  |o snkSD 14903/1  |i snkKSF 456/58  |8 5  |0 0  |1 0  |4 0  |d 2006-11-02  |f 1  |l 0  |r 2025-11-28 00:00:00  |w 2026-02-23 
952 |a SNK  |b SNK  |y PREZ  |7 0  |p 17A1398115  |o snkSD 14903/1 D1  |i snkKSF 722/58  |8 5  |0 0  |1 0  |4 0  |d 2021-10-20  |l 0  |r 2026-02-23 12:27:59  |w 2026-02-23 
952 |a SNK  |b SNK  |y PREZ  |7 0  |p 17A1398116  |o snkSD 14903/1 D2  |i snkF 2252/66  |8 5  |0 0  |1 0  |4 0  |d 2021-10-20  |l 0  |r 2026-02-23 12:27:59  |w 2026-02-23 
952 |a SNK  |b SNK  |y PREZ  |7 0  |p 17A1398117  |o snkSD 14903/1 D3  |i snkF 3428/67  |8 5  |0 0  |1 0  |4 0  |d 2021-10-20  |l 0  |r 2026-02-23 12:27:59  |w 2026-02-23 
952 |a SNK  |b SNK  |y PREZ  |7 0  |p 17A1398118  |o snkSD 14903/1 D4  |i snkF 3654/82  |8 5  |0 0  |1 0  |4 0  |d 2021-10-20  |l 0  |r 2026-02-23 12:27:59  |w 2026-02-23